000
00297 a2200121 4500
000
nam a22 7a 4500
005
20260206100628.0
020
_a
9789348650283
100
_a
Ed. Nishant
_9
1114031
245
_a
75 Kavitayen : Nagarjun
260
_b
Nayee Kitab Prakashan
_c
2025
942
_c
TEXL
999
_c
1678736
_d
1678736